| 000 | 00603nam a2200217Ia 4500 | ||
|---|---|---|---|
| 003 | OSt | ||
| 005 | 20230331122842.0 | ||
| 008 | 210423s2016 xx 000 0 und d | ||
| 020 | _a978-81-219-2937-0 | ||
| 040 | _cAL | ||
| 041 | _aeng | ||
| 082 |
_a363.7 _223 _bMISF |
||
| 100 |
_aMISHRA (D D) _980891 |
||
| 245 | _aFundamental concepts in environmental studies | ||
| 260 |
_aNew Delhi _bS Chand & Company Ltd _c2016 |
||
| 300 |
_aviii,271 _bPB |
||
| 365 |
_b250 _cINR |
||
| 650 |
_aEnvironmental Problems _980892 |
||
| 906 | _aconcepts ; environmental ; Fundamental ; studies | ||
| 942 |
_2ddc _cBK |
||
| 999 |
_c168929 _d168929 |
||